000 01883nam a22002537a 4500
999 _c1580
_d1580
003 DO-SdBJH
005 20191031230634.0
008 171026b xxu||||| |||| 00| 0 esp d
040 _cRCAA
_aDO-SdBJH
_bspa
090 _aTG EGCEMC
_b01089 2016
100 1 _aColón Díaz, Manuel
_esustentante
245 1 0 _aPlan de operaciones interagencial ante acciones del crimen organizado en el nuevo puerto turístico de Maimón, Puerto Plata /
_c Manuel Colón Díaz, asesores Rafael García Aybar, Fanny Torres
260 _aSanto Domingo :
_bINSUDE,
_c2016
300 _aix, 92 páginas, ilustraciones-tablas-gráficos
502 _aTesis (Especialidad en Comando y Estado Mayor Conjunto) -- Instituto Superior para la Defensa (INSUDE). -- Escuela de Graduados en Comando y Estado Mayor “General de División Gregorio Luperón”, 2016.
504 _aIncluye referencias bibliográficas e índices
505 _aNormas y disposiciones jurídicas que rigen el sistema de proteccion marítimo. -- Portuario en la República Dominicana. -- Papel de los organismos e instituciones del estado al momento de brindar seguridad a las instalaciones. - Buques y personas que utilizan los puertos marítimos de República Dominicana, actos ilícitos mas frecuentes detectados en el sistema portuario nacional desde el año 2012 hasta el 2015. -- Plan de operaciones conjuntas para enfrentar la acciones del crimen organizado en el puerto de Maimón, Provincia Puerto Plata, desde el año 2017.
650 4 _aAcciones del crimen organizado -- Puerto de Maimón
651 4 _aRepública Dominicana -- Puerto Plata -- Puerto marítimo
700 1 _aGarcía Aybar, Rafael
_easesor
700 1 _aTorres, Fanny
_easesor
830 _aINSUDE. Escuela de Graduados en Comando y Estado Mayor “General de División Gregorio Luperón”. Tesis y disertaciones académicas
942 _2CL
_cT